| 000 | 00715nam a2200289Ia 4500 | ||
|---|---|---|---|
| 008 | 171120s9999 xx 000 0 und d | ||
| 020 | _a9712709760 | ||
| 050 | _a392 | ||
| 050 | _bY958 2000 | ||
| 100 | _aYuson, Nina Lim | ||
| 245 | _aBuilding bridges : | ||
| 245 | _blearning and growing up with your kids / | ||
| 245 | _cby Nina Lim Yuson. | ||
| 260 | _aPhilippines : | ||
| 260 | _bAnvil, | ||
| 260 | _c2000 | ||
| 300 | _a232 pages : | ||
| 300 | _billustrations ; | ||
| 300 | _c22cm. | ||
| 650 | _aChild development -- | ||
| 650 | _aChild rearing. | ||
| 650 | _aCognition in children -- | ||
| 650 | _aLearning. | ||
| 650 | _xPhilippines. | ||
| 650 | _xPhilippines. | ||
| 700 | _aTitle. | ||
| 999 |
_c345286 _d345286 |
||